00793nam a22002177a 450000500170000001000140001702000260003103500130005703700130007008200130008310000240009624501070012026000400022727000650026730000270033250000190035970000310037894200270040999900170043695201220045320100802123447.0 aENG-97664 a9788131721827c275.00 aEN-81197 bDBAD/PUB a658.4012 aKoch, Richard95562 aSimply strategy : bthe shortest route to the best strategy /cby Richard Koch and Peter Nieuwenhuizen aNew DelhibDorling Kindersleyc2008 a14 Local Shopping Centre, Panchsheel ParkbNew Delhie110017 axiv, 213p.c24cm (pbk) aIncludes index aNieuwenhuizen, Peter94075 2ddccENh658.4012mKOC c38614d38614 001040718NFICaDBADbDBADd2010-08-02eDBADg275.00l0o658.4012 KOApEN-81197r2010-08-02 00:00:00t1v275.00yEN